Jaderný a radiologický terorismus a mezinárodněprávní úprava ochrany proti němu
Nástup nekonvenčného terorizmu po roku 1990. Podoby jadrového a rádiologického terorizmu. Medzinárodnoprávna ochrana proti jadrovému a rádiologickému terorizmu. Zmluvy o odzbrojení a o mierovom využívaní jadrovej energie. Protiteroristické zmluvy vychádzajúce z medzinárodného trestného práva. Ochran...
Saved in:
| Main Author: | |
|---|---|
| Format: | Book Chapter |
| Language: | Czech |
| Subjects: | |
| Tags: |
No Tags, Be the first to tag this record!
|
MARC
| LEADER | 00000naa$a2200000$$$4500 | ||
|---|---|---|---|
| 001 | 0037258 | ||
| 005 | 20231016100029.6 | ||
| 041 | 0 | |a cze | |
| 044 | |a CZ | ||
| 245 | 1 | 0 | |a Jaderný a radiologický terorismus a mezinárodněprávní úprava ochrany proti němu |c Veronika Bílková |
| 520 | |a Nástup nekonvenčného terorizmu po roku 1990. Podoby jadrového a rádiologického terorizmu. Medzinárodnoprávna ochrana proti jadrovému a rádiologickému terorizmu. Zmluvy o odzbrojení a o mierovom využívaní jadrovej energie. Protiteroristické zmluvy vychádzajúce z medzinárodného trestného práva. Ochrana proti jadrovému terorizmu a Medzinárodná agentúra pre atómovú energiu. Fyzická ochrana jadrových materiálov a jadrových zariadení. Všeobecné znaky a trendy vývoja. | ||
| 610 | 2 | 0 | |a právo medzinárodné |
| 610 | 2 | 0 | |a právo trestné |
| 610 | 2 | 0 | |a zmluvy medzinárodné |
| 610 | 2 | 0 | |a energia atómová |
| 610 | 2 | 0 | |a terorizmus |
| 610 | 2 | 0 | |a bezpečnosť jadrová |
| 610 | 2 | 0 | |a spolupráca medzinárodná |
| 100 | 1 | |a Bílková, Veronika | |